Berrill (trading as Cobweb Antiques) v Hill (VO) (Record no. 63649)
[ view plain ]
| 000 -LEADER | |
|---|---|
| fixed length control field | 01271cam a2200253 4500 |
| 001 - CONTROL NUMBER | |
| control field | ABS62381 |
| 008 - FIXED-LENGTH DATA ELEMENTS--GENERAL INFORMATION | |
| fixed length control field | 000000n2000 000 0 eng u |
| 035 ## - SYSTEM CONTROL NUMBER | |
| System control number | (Sirsi) u106283 |
| 245 ## - TITLE STATEMENT | |
| Title | Berrill (trading as Cobweb Antiques) v Hill (VO) |
| 260 ## - PUBLICATION, DISTRIBUTION, ETC. | |
| Date of publication, distribution, etc. | 2000 |
| 490 ## - SERIES STATEMENT | |
| Series statement | Rating Appeals |
| Volume/sequential designation | [2000] RA 194-204(6) |
| 520 ## - SUMMARY, ETC. | |
| Summary, etc. | LT 2 February 2000. Ratepayer (B) appealed against the VO's 30% reduction for the effects of Tramlink construction works in Croydon on the grounds that the reduction was too low. The VO claimed that a 30% reduction had been universally accepted throughout Church Street. The LT upheld the VO's 30% reduction on the grounds that B had not discharged the burden proving that the valuation tribunal decision was wrong. The evidence of other properties assessed at the same reduction but less adversely affected by the works could not be used to justify a further reduction. Appeal dismissed. |
| 590 ## - LOCAL NOTE (RLIN) | |
| Local note | ABS |
| 650 ## - SUBJECT ADDED ENTRY--TOPICAL TERM | |
| Topical term or geographic name entry element | BERRILL (TRADING AS COBWEB ANTIQUES) V HILL (VO) |
| 650 ## - SUBJECT ADDED ENTRY--TOPICAL TERM | |
| Topical term or geographic name entry element | RATING ASSESSMENTS |
| 650 ## - SUBJECT ADDED ENTRY--TOPICAL TERM | |
| Topical term or geographic name entry element | REDUCTION |
| 650 ## - SUBJECT ADDED ENTRY--TOPICAL TERM | |
| Topical term or geographic name entry element | CONSTRUCTION WORKS |
| 650 ## - SUBJECT ADDED ENTRY--TOPICAL TERM | |
| Topical term or geographic name entry element | DISRUPTION |
| 650 ## - SUBJECT ADDED ENTRY--TOPICAL TERM | |
| Topical term or geographic name entry element | COMPARABLES |
| 650 ## - SUBJECT ADDED ENTRY--TOPICAL TERM | |
| Topical term or geographic name entry element | RATEABLE VALUE |
| 650 ## - SUBJECT ADDED ENTRY--TOPICAL TERM | |
| Topical term or geographic name entry element | TRAMLINK |
| 690 ## - LOCAL SUBJECT ADDED ENTRY--TOPICAL TERM (OCLC, RLIN) | |
| Topical term or geographic name as entry element | RATING AND LOCAL TAXATION-CASE LAW |
| 942 ## - ADDED ENTRY ELEMENTS (KOHA) | |
| Suppress in OPAC | 0 |
| Withdrawn status | Lost status | Source of classification or shelving scheme | Damaged status | Not for loan | Home library | Current library | Shelving location | Date acquired | Total Checkouts | Full call number | Barcode | Date last seen | Copy number | Price effective from | Koha item type |
|---|---|---|---|---|---|---|---|---|---|---|---|---|---|---|---|
| Dewey Decimal Classification | London | London | Journal article | 06/06/2000 | ABS62381 | 106283-1001 | 06/08/2019 | 1 | 06/08/2019 | Law report |